Top 5 Rap Albums by Year (1990–2025) - Statistics

General Stats
  • This quiz has been taken 48 times
    17 since last reset
  • The average score is 82 of 180
Answer Stats
Year Album Artist(s) % Correct
3 4:44 JAY-Z
93%
1 DAMN. Kendrick Lamar
93%
1 good kid, m.A.A.d city Kendrick Lamar
93%
1 Graduation Kanye West
93%
1 IGOR Tyler, The Creator
93%
1 Late Registration Kanye West
93%
1 Mr. Morale & The Big Steppers Kendrick Lamar
93%
4 Swimming Mac Miller
93%
1 The College Dropout Kanye West
93%
1 To Pimp a Butterfly Kendrick Lamar
93%
2 Alfredo Freddie Gibbs & The Alchemist
86%
1 All Eyez on Me 2Pac
86%
1 Donda Kanye West
86%
4 Flower Boy Tyler, The Creator
86%
1 Get Rich or Die Tryin’ 50 Cent
86%
4 Goblin Tyler, The Creator
86%
1 Illmatic Nas
86%
1 My Beautiful Dark Twisted Fantasy Kanye West
86%
1 Stankonia OutKast
86%
2 Take Care Drake
86%
1 The Blueprint JAY-Z
86%
2 The Forever Story JID
86%
1 The Life of Pablo Kanye West
86%
2 The Marshall Mathers LP Eminem
86%
1 The Miseducation of Lauryn Hill Lauryn Hill
86%
3 The Slim Shady LP Eminem
86%
3 Watch The Throne Jay-Z & Kanye West
86%
1 Yeezus Kanye West
86%
2 2014 Forest Hills Drive J. Cole
79%
2 808s & Heartbreak Kanye West
79%
2 ASTROWORLD Travis Scott
79%
4 ATLiens OutKast
79%
2 CALL ME IF YOU GET LOST Tyler, the Creator
79%
2 Culture Migos
79%
2 DS2 Future
79%
5 King T.I.
79%
3 King's Disease Nas
79%
1 Let God Sort Em Out Clipse
79%
1 Life After Death The Notorious B.I.G.
79%
2 Nothing Was the Same Drake
79%
2 Ready to Die The Notorious B.I.G.
79%
2 Relapse Eminem
79%
1 Section.80 Kendrick Lamar
79%
2 Tha Carter II Lil Wayne
79%
1 Tha Carter III Lil Wayne
79%
1 The Chronic Dr. Dre
79%
1 The Eminem Show Eminem
79%
3 The Off-Season J. Cole
79%
2 2001 Dr. Dre
71%
1 DAYTONA Pusha T
71%
3 If You’re Reading This It’s Too Late Drake
71%
2 Madvillainy Madvillain
71%
4 Melt My Eyez See Your Future Denzel Curry
71%
4 MUSIC Playboi Carti
71%
5 Piñata Freddie Gibbs & Madlib
71%
2 Reasonable Doubt JAY-Z
71%
4 The King's Disease II Nas
71%
1 Vultures 1 Kanye West & Ty Dolla $ign
71%
2 WE DON'T TRUST YOU Future & Metro Boomin
71%
3 WE STILL DON'T TRUST YOU Future & Metro Boomin
71%
3 Aquemini OutKast
64%
2 Bandana Freddie Gibbs & Madlib
64%
3 Be Common
64%
1 Enter the Wu-Tang (36 Chambers) Wu-Tang Clan
64%
5 KOD J. Cole
64%
3 Liquid Swords GZA
64%
4 Oxymoron ScHoolboy Q
64%
3 The Black Album JAY-Z
64%
5 The Blueprint 3 JAY-Z
64%
5 Acid Rap Chance the Rapper
57%
4 Birds in the Trap Sing McKnight Travis Scott
57%
3 Doggystyle Snoop Dogg
57%
5 God Does Like Ugly JID
57%
5 My Turn Lil Baby
57%
4 So Much Fun Young Thug
57%
2 Stillmatic Nas
57%
1 The Low End Theory A Tribe Called Quest
57%
3 Coloring Book Chance the Rapper
50%
3 It's Almost Dry Pusha T
50%
2 Midnight Marauders A Tribe Called Quest
50%
3 Run the Jewels Run the Jewels
50%
2 Speakerboxxx/The Love Below Outkast
50%
2 AM I THE DRAMA? Cardi B
43%
5 Atrocity Exhibition Danny Brown
43%
3 Baby on Baby DaBaby
43%
4 Finally Rich Chief Keef
43%
3 For All the Dogs Drake
43%
2 It’s Dark and Hell Is Hot DMX
43%
2 Lord Willin’ Clipse
43%
2 MICHAEL Killer Mike
43%
1 Operation: Doomsday MF DOOM
43%
4 Shoot for the Stars, Aim for the Moon Pop Smoke
43%
4 Thank Me Later Drake
43%
4 The Documentary The Game
43%
3 The Score The Fugees
43%
4 Things Fall Apart The Roots
43%
2 We Got It from Here… A Tribe Called Quest
43%
1 AmeriKKKa’s Most Wanted Ice Cube
36%
5 Capital Punishment Big Pun
36%
2 Food & Liqour Lupe Fiasco
36%
1 Hell Hath No Fury Clipse
36%
4 Hip Hop Is Dead Nas
36%
5 Ironman Ghostface Killah
36%
5 Live. Love. A$AP A$AP Rocky
36%
1 Me Against the World 2Pac
36%
2 Only Built 4 Cuban Linx... Raekwon
36%
3 Supreme Clientele Ghostface Killah
36%
2 Wu-Tang Forever Wu-Tang Clan
36%
2 American Gangster JAY-Z
29%
4 Man on the Moon: The End of Day Kid Cudi
29%
4 My Name Is My Name Pusha T
29%
3 Victory Lap Nipsey Hussle
29%
3 Below The Heavens Blu & Exile
21%
4 De La Soul Is Dead De La Soul
21%
5 Distant Relatives Nas & Damian Marley
21%
4 E. 1999 Eternal Bone Thugs-n-Harmony
21%
2 Fear of a Black Planet Public Enemy
21%
3 Game Theory The Roots
21%
3 Life Is Beautiful Larry June, 2 Chainz, The Alchemist
21%
2 Life Is Good Nas
21%
4 Magic II Nas
21%
5 Nellyville Nelly
21%
2 Niggaz4Life N.W.A
21%
1 RTJ2 Run the Jewels
21%
1 RTJ 4 Run the Jewels
21%
5 Saturation II Brockhampton
21%
3 Southernplayalisticadillacmuzik OutKast
21%
4 Summertime ‘06 Vince Staples
21%
3 Teflon Don Rick Ross
21%
5 Tetsuo & Youth Lupe Fiasco
21%
4 The Diary Scarface
21%
3 The Ecstatic Mos Def
21%
5 The House Is Burning Isaiah Rashad
21%
3 The Pretty Toney Album Ghostface Killah
21%
4 Vol. 2… Hard Knock Life JAY-Z
21%
3 Cypress Hill Cypress Hill
14%
4 Mama Said Knock You Out JJ Cool J
14%
2 Mecca and the Soul Brother Pete Rock & CL Smooth
14%
3 My Crazy Life YG
14%
4 Phrenology The Roots
14%
5 Scarlet Doja Cat
14%
3 Supa Dupa Fly Missy Elliot
14%
5 The Cool Lupe Fiasco
14%
3 The Fix Scarface
14%
3 The Renaissance Q-Tip
14%
5 Tical Method Man
14%
5 undon The Roots
14%
5 Vol. 3… Life and Times of S. Carter JAY-Z
14%
3 Whut? Thee Album Redman
14%
5 A Long Hot Summer Masta Ace
7%
4 Check Your Head Beastie Boys
7%
5 Dah Shinin’ Smif-N-Wessun
7%
4 Enta da Stage Black Moon
7%
5 Few Good Things Saba
7%
4 Funcrusher Plus Company Flow
7%
5 Grand Champ DMX
7%
4 MEGAN Megan Thee Stallion
7%
5 O.G. Original Gangster Ice-T
7%
5 Paper Trail T.I.
7%
3 People's Instinctive Travels and the Paths of Rhythm A Tribe Called Quest
7%
3 R.A.P. Music Killer Mike
7%
5 Reachin’ Digable Planets
7%
2 Sir Lucious Left Foot Big Boi
7%
3 The Cold Vein Cannibal Ox
7%
5 Too Hard to Swallow UGK
7%
4 Underground Kingz UGK
7%
4 Urban Legend T.I.
7%
4 Back for the First Time Ludacris
0%
5 Chapter of the Trenches 2 Tee Grizzley
0%
5 Eve Rapsody
0%
5 Let’s Get It: Thug Motivation 101 Young Jeezy
0%
4 Lucy Ford Atmosphere
0%
5 One for All Brand Nubian
0%
1 Only Built 4 Cuban Linx Pt. II Raekwon
0%
4 Shadows on the Sun Brother Ali
0%
4 The Bake Sale The Cool Kids
0%
5 The Realness Cormega
0%
5 The Unseen Quasimoto
0%
5 The War Plan Capone-N-Noreaga
0%
1 Uptopia Travis Scott
0%
No matching quizzes found
Score Distribution
Percent of People with Each Score
Percentile by Number Answered
Your Score History
You have not taken this quiz since the last reset